000 00622nam a22002057a 4500
005 20251108173430.0
008 250721s2005 xx 000 0 ara d
020 _a9953901880
082 1 4 _a616.079/غرا
100 1 _aغرانيش، روبين
_eمؤلف
245 1 0 _aالإيدز و الصحة و الناس /
264 1 _aبيروت :
_bورشة الموارد العربية،
_c2005.
300 _a258ص.
650 1 7 _aالإيدز
650 1 7 _aالأمراض المعدية
700 1 _aميرمين، جوناثان
700 1 _aصفير، منى
_eرسام
942 _2ddc
_cBK
999 _c103745
_d103745